| 000 | 00000nam##2200000za#4500 |
| 001 | 9.659856 |
| 003 | CaOODSP |
| 005 | 20200401051006 |
| 007 | ta |
| 008 | 150407|1998||||xxc||||| f|0| 0 fre|d |
| 020 | |a0-662-82561-6 |
| 040 | |aCaOODSP|bfre |
| 041 | |aeng |
| 041 | |afre |
| 043 | |an-cn--- |
| 086 | 1 |aBT43-99/1998 |
| 110 | 1 |aCanada.|bConseil du trésor.|bDirection des ressources humaines. |
| 245 | 13|aLe Régime d'assurance pour des cadres de gestion de la fonction publique : |bbrochure à l'intention des cadres supérieurs |
| 260 | |aOttawa - Ontario : |bSecrétariat du Conseil du Trésor du Canada. |c1998. |
| 300 | |aTexte français, 15p. ; |c28 cm. |
| 500 | |aN.B.: Le numéro de catalogue (BT43-99/1998-IN) imprimé dans cette publication est incorrect. |
| 563 | |aCouverture souple |
| 590 | |a98-51|b1998-12-18 |
| 776 | 0#|tThe Public Service Management Insurance Plan : |w(CaOODSP)9.685758 |
| 776 | 0#|tLe Régime d'assurance pour les cadres de gestion de la fonction publique : |w(CaOODSP)9.630350 |
| 791 | |tThe Public Service Management Insurance Plan : |eeng|w(CaOODSP)9.659855 |